Every Mario Kart Character Ever - Statistics

General Stats
  • This quiz has been taken 284 times
    236 since last reset
  • The average score is 43 of 67
Answer Stats
First Game Character % Correct
Super Mario Kart Luigi
99%
Super Mario Kart Mario
99%
Mario Kart 64 Donkey Kong
96%
Super Mario Kart Peach
96%
Super Mario Kart Bowser
94%
Super Mario Kart Toad
91%
Mario Kart: Double Dash!! Waluigi
91%
Mario Kart 64 Wario
91%
Super Mario Kart Yoshi
91%
Mario Kart: Double Dash!! Daisy
87%
Mario Kart: Double Dash!! Diddy Kong
87%
Mario Kart: Double Dash!! Baby Mario
84%
Super Mario Kart Koopa Troopa
84%
Mario Kart: Double Dash!! Baby Luigi
83%
Mario Kart Wii Rosalina
82%
Mario Kart: Double Dash!! Bowser Jr.
81%
Mario Kart: Double Dash!! King Boo
81%
Mario Kart Wii Funky Kong
80%
Mario Kart Wii Baby Peach
79%
Mario Kart 8 Deluxe Gold Mario
79%
Mario Kart Wii Baby Daisy
78%
Mario Kart: Double Dash!! Toadette
78%
Mario Kart 8 Link
77%
Mario Kart 7 Metal Mario
77%
Mario Kart DS Shy Guy
77%
Mario Kart: Double Dash!! Birdo
75%
Mario Kart DS Dry Bones
75%
Mario Kart Wii Mii
72%
Super Mario Kart Donkey Kong Jr.
71%
Mario Kart Wii Dry Bowser
70%
Mario Kart DS R.O.B.
69%
Mario Kart 7 Wiggler
69%
Mario Kart 8 Villager
68%
Mario Kart 8 Baby Rosalina
67%
Mario Kart: Double Dash!! Petey Piranha
66%
Mario Kart 7 Honey Queen
65%
Mario Kart 8 Iggy
64%
Mario Kart 8 Larry
64%
Mario Kart 8 Lemmy
64%
Mario Kart 8 Pink Gold Peach
64%
Mario Kart 8 Roy
64%
Mario Kart 8 Wendy
64%
Mario Kart Arcade GP Pac-Man
63%
Mario Kart 8 Deluxe Inkling
62%
Mario Kart 7 Lakitu
62%
Mario Kart 8 Ludwig
62%
Mario Kart 8 Morton
62%
Mario Kart: Double Dash!! Paratroopa
60%
Mario Kart 8 Isabelle
58%
Mario Kart Tour Pauline
57%
Mario Kart Tour Kamek
50%
Mario Kart 8 Cat Peach
49%
Mario Kart 8 Tanooki Mario
48%
Mario Kart Arcade GP Ms. Pac-Man
43%
Mario Kart Arcade GP Blinky
40%
Mario Kart Tour Dixie Kong
35%
Mario Kart Tour Hammer Bro
30%
Mario Kart Tour King Bob-omb
30%
Mario Kart Tour Monty Mole
27%
Mario Kart Arcade GP DX Don-Chan
26%
Mario Kart Tour Chargin’ Chuck
23%
Mario Kart Arcade GP 2 Mametchi
23%
Mario Kart Tour Nabbit
21%
Mario Kart Tour Ice Bro
18%
Mario Kart Tour Fire Bro
17%
Mario Kart Tour Poochy
17%
Mario Kart Tour Boomerang Bro
15%
No matching quizzes found
Score Distribution
Percent of People with Each Score
Percentile by Number Answered
Your Score History
You have not taken this quiz since the last reset